Generation, transfer and utilization of information on natural rubber: A functional model (Record no. 52955)

MARC details
000 -LEADER
fixed length control field 00537nam a2200121Ia 4500
100 ## - MAIN ENTRY--AUTHOR NAME
Personal name Thomas K.K.
245 #0 - TITLE STATEMENT
Title Generation, transfer and utilization of information on natural rubber: A functional model
260 ## - PUBLICATION, DISTRIBUTION, ETC. (IMPRINT)
Name of publisher Placrosym XV, 2002, Mysore, India. (Eds. K.Sreedharan, P.K. Vinod Kumar, Jayarama and Basavaraja M. Chaluki). Central Coffee Research Institute, Karnataka, India, pp. 738-751.
Year of publication 2002
650 ## - SUBJECT ADDED ENTRY--TOPICAL TERM
Topical Term Communication model
650 ## - SUBJECT ADDED ENTRY--TOPICAL TERM
Topical Term Information dissemination
942 ## - ADDED ENTRY ELEMENTS (KOHA)
Koha item type Bibliography STAF
Holdings
Withdrawn status Lost status Damaged status Not for loan Home library Current library Date acquired Koha item type
      Bibliography RRII Library RRII Library 09/04/2014 Bibliography STAF